000
00263nam a22001097a 4500
040
_c
SCME
100
_a
Reinoso ,B.M.cEnaney
_9
113239
245
_a
Characterization of porous solids VI
260
_a
NewYork
_b
Elsevier
_c
2002
300
_a
733p.
942
_2
ddc
_c
BK
999
_c
594991
_d
594991